000 00597cam a2200217 i 4500
001 190963
003 ES-MaACL
005 20240226212012.0
008 220905s2006 xxu d 001 0ceng c
020 _a0-8379-1135-4
040 _aUAL.
_bspa.
_cUAL.
_erdc
080 _a929(058)
245 0 0 _aWho's who in the world :
_b2006.
250 _a23rd ed.
260 _aNew providence :
_bMarquis Who's Who,
_c[2006]
300 _aXV, 3021.
500 _aÍndices.
650 7 _aBiografías-
_xDirectorios
_2
_9175012
852 _aES-MaACL
_jDIR 929(058) who "2006"
999 _c190963
_d190963